Extranjeros inscritos en el censo de población de 1930 clasificados por los países de su nacionalidad / (Record no. 82874)

MARC details
000 -LEADER
campo de control de longitud fija 00811nam a2200205 i 4500
001 - NÚMERO DE CONTROL
campo de control 82874
003 - IDENTIFICADOR DE NÚMERO DE CONTROL
campo de control ES-MaACL
005 - FECHA Y HORA DE LA ÚLTIMA TRANSACCIÓN
campo de control 20250603171455.0
007 - CAMPO FIJO DE DESCRIPCIÓN FÍSICA--INFORMACIÓN GENERAL
campo de control de longitud fija t|
008 - DATOS DE LONGITUD FIJA--INFORMACIÓN GENERAL
campo de control de longitud fija 041112s1935 sp ||||1| spa d
245 00 - MENCIÓN DEL TÍTULO
Título Extranjeros inscritos en el censo de población de 1930 clasificados por los países de su nacionalidad /
Mención de responsabilidad, etc. Instituto Geográfico Catastral y de Estadística, Presidencia del Consejo de Ministros.
260 ## - PUBLICACIÓN, DISTRIBUCIÓN, ETC.
Lugar de publicación, distribución, etc. Madrid :
Nombre del editor, distribuidor, etc. [s.n.],
Fecha de publicación, distribución, etc. 1935 (
Fabricante Augusto Boue)
300 ## - DESCRIPCIÓN FÍSICA
Extensión XII, 498 p. ;
Dimensiones 27 cm.
650 #4 - PUNTO DE ACCESO ADICIONAL DE MATERIA--TÉRMINO DE MATERIA
Término de materia o nombre geográfico como elemento de entrada Extranjeros-
Subdivisión geográfica España.
9 (RLIN) 146056
651 #7 - PUNTO DE ACCESO ADICIONAL DE MATERIA--NOMBRE GEOGRÁFICO
Nombre geográfico España-
Subdivisión general Censos
Fuente del encabezamiento o término
9 (RLIN) 155755
710 2# - ENTRADA AGREGADA--NOMBRE DE ENTIDAD CORPORATIVA
Nombre de entidad corporativa o nombre de jurisdicción como elemento de entrada Instituto Geográfico, Catastral y de Estadística (España)
9 (RLIN) 5072
710 1# - ENTRADA AGREGADA--NOMBRE DE ENTIDAD CORPORATIVA
Nombre de entidad corporativa o nombre de jurisdicción como elemento de entrada España.
Unidad subordinada Presidencia del Consejo de Ministros.
9 (RLIN) 3950
852 ## - LOCALIZACIÓN
Ubicación ES-MaACL
Número de control de estantería C-13342
Holdings
Estatus retirado Estado de pérdida Estado de daño No para préstamo Biblioteca de origen Biblioteca actual Ubicación en estantería Fecha de adquisición Fuente de adquisición Total de préstamos Signatura topográfica completa Código de barras Visto por última vez Precio de reemplazo Tipo de ítem Koha
        Biblioteca del Ateneo de Madrid Biblioteca del Ateneo de Madrid Sala Palomar 17/01/2008     C-13342 1086607 23/02/2023 23/02/2023 Libro impreso